Хранене и рак (Запис номер 186312)
[ съкратено ]
| 000 -Лидер | |
|---|---|
| Контролно поле с фиксирана дължина | 01406nam a2200325 c 4500 |
| 003 - Код на организацията, давaща контролен номер | |
| Контролно поле | BLK |
| 005 - Дата и час на последна редакция | |
| Контролно поле | 20211113104826.0 |
| 008 - Елементи от данни с фиксирана дължина | |
| fixed length control field | 180411b bul|||||r ||||||| ||bul|| |
| 010 ## - Наследен системен номер | |
| LC control number | KNG00195306000 |
| 040 ## - Източник на каталожния запис | |
| Идентификатор на билиотеката - собственик на записа | BLK |
| 041 ## - Код за език | |
| Код за езика на текст/звукозапис или на отделно заглавие | Български |
| Код за езика КДБФ | Български |
| 080 ## - УДК | |
| Текстов определител УДК | Тумори. Неоплазми (новообразувания). Онкология (учение за туморите) |
| УДК код - определител по УДК | 616-006 |
| УДК - код + определител | 616-006 |
| 080 ## - УДК | |
| Текстов определител УДК | Хигиена на храненето. Режим на храненето. Вж и 612.39 ; 614.3 ; 615.874 ; 641 |
| УДК код - определител по УДК | 613.2 |
| УДК - код + определител | 613.2 |
| 100 1# - Редна дума - Автор | |
| Автор | Митров, Герасим Г. |
| Авторска отговорност | първи автор |
| R(LIN) | 344079 |
| 139 ## - Редно поле | |
| Редна дума | Митров, Герасим Г. и др. |
| Авторски знак | Мито - М 72 |
| 245 10 - Сведения за заглавието | |
| Заглавие | Хранене и рак |
| Подзаглавни данни | Моногр. |
| Редно поле (дума) | Герасим Г. Митров; съавт. Иван Николов Черноземски. |
| 257 ## - Страна на издаване | |
| Страна на създаване/издаване | България |
| 260 ## - Област на издателските данни | |
| Име на издателя, разпространителя и проч. | Медицина и физкултура |
| Година на издаване | 1985 |
| Място на издаване, разпространение и проч. | София |
| 300 ## - Физическа характеристика | |
| Страници | 247 с. |
| Илюстрации и др. | с табл., сх. |
| Размери/Мащаб | 22 см |
| 380 ## - Жанр | |
| Жанр | Медицина |
| 500 ## - Общи забележки | |
| Забележка | 1 905 тир. |
| 650 #4 - Допълнително описание по предмет – тема | |
| Основно описание – тема или топоним | Рак - етиология и профилактика |
| 9 (RLIN) | 261090 |
| 650 #4 - Допълнително описание по предмет – тема | |
| Основно описание – тема или топоним | Хранене - хигиена |
| 9 (RLIN) | 244313 |
| 700 1# - Други автори (авторска отговорност) | |
| Лично име | Черноземски, Иван Николов |
| Автороска отговорност (Описва отношението между автора и произведението) | съавт. |
| 9 (RLIN) | 384387 |
| 852 ## - Местоположение | |
| Форматна сигнатура | Цб 133452 |
| 856 4# - Електронен адрес и достъп | |
| Електронен формат | pdf - файл |
| 856 4# - Електронен адрес и достъп | |
| Електронен формат | pdf - файл |
| 999 ## - СИСТЕМНИ КОНТРОЛНИ НОМЕРА | |
| Koha biblionumber | 186312 |
| Koha biblioitemnumber | 186312 |
| 942 ## - АРТИКУЛИ | |
| Вид на библиотечния материал | Книги |
| Скрит в OPAC | Не |
| Периодичен библиозапис | Да |
| Koha issues (borrowed), all copies | 1 |
| 944 ## - СЪЗДАВАНЕ И РЕДАКЦИЯ на ЗАПИСА | |
| Създаване/Редакция | Създаване |
| Дата на регистрацията/редакция | 05.11.2016 |
| Служител, извършил регистрацията/редакцията | Правда_Бадева |
| 944 ## - СЪЗДАВАНЕ И РЕДАКЦИЯ на ЗАПИСА | |
| Създаване/Редакция | Редакция |
| Дата на регистрацията/редакция | 05.11.2016 |
| Служител, извършил регистрацията/редакцията | Правда_Бадева |
| 999 ## - СИСТЕМНИ КОНТРОЛНИ НОМЕРА | |
| Koha biblioitemnumber | 186312 |
| Код за отписване | Код за изгубен артикул | Източник на класификационната схема | Код за повреда | Коз за рестрикции | Код за отдаване | Артикулен № | Име на библиотеката - собственик | Име на библиотеката, в която се намира в момента | Статус (Текущо местоположение) | Дата на вписване в системата | Местоположение - отдел | Цена в лева | Инвентарен номер | Систематично азбучна сигнатура | Баркод | Номер на екземпляра | Цена в евро | Служебна бележка | Служебен тип на артикула |
|---|---|---|---|---|---|---|---|---|---|---|---|---|---|---|---|---|---|---|---|
| Не е изгубен | Universal Decimal Classification | Не е повреден | без рестрикции | ползва се в читалня | 324141 | Регионална библиотека "Любен Каравелов" Русе | Регионална библиотека "Любен Каравелов" Русе | Хранилище | 1985-01-01 | Хранилище | 2.35 | 425257 | Цб 133452 | 120000425257 | 1 | 1.20 | N: стар фонд Дата: 01.01.1985 | Книги | |
| Не е изгубен | Universal Decimal Classification | Не е повреден | без рестрикции | заемане за дома | 324142 | Регионална библиотека "Любен Каравелов" Русе | Регионална библиотека "Любен Каравелов" Русе | Заемна - подръчен фонд | 1985-01-01 | Заемна - подръчен фонд | 1.02 | 427686 | П 616-006/М 72 | 120000427686 | 2 | 0.52 | N: стар фонд Дата: 01.01.1985 Дата инв: 02.02.2018 Бележки инв: П2018 | Книги | |
| Изтеглен | Не е изгубен | Universal Decimal Classification | Не е повреден | без рестрикции | заемане за дома | 324143 | Регионална библиотека "Любен Каравелов" Русе | Регионална библиотека "Любен Каравелов" Русе | Заемна - подръчен фонд | 1985-01-01 | Заемна - подръчен фонд | 2.35 | 427687 | П 616-006/М 72 | 427687 | 3 | 1.20 | N: стар фонд Дата: 01.01.1985 | Книги |